Bharat: (Record no. 194173)

MARC details
000 -LEADER
fixed length control field 00501nam a22001697a 4500
005 - DATE AND TIME OF LATEST TRANSACTION
control field 20240103122016.0
010 ## - LCCN (DPL NO)
LC control number ENG-135799
020 ## - INTERNATIONAL STANDARD BOOK NUMBER
International Standard Book Number 9789390961153
Terms of availability 750.00
035 ## - SYSTEM CONTROL NUMBER
System control number EN-119331
037 ## - SOURCE OF ACQUISITION
Source of stock number/acquisition DBAD/PUB
082 ## - DEWEY DECIMAL CLASSIFICATION NUMBER
Classification number 954
245 ## - TITLE STATEMENT
Title Bharat:
Remainder of title India 2.0/
260 ## - PUBLICATION, DISTRIBUTION, ETC. (IMPRINT)
Place of publication, distribution, etc New Delhi
Name of publisher, distributor, etc Vitasta Publishing Pvt. Ltd
Date of publication, distribution, etc 2022
270 ## - ADDRESS
Address 2/15 Ansari Road Daryaganj
City New Delhi
Postal code 110002
Electronic mail address info@vitastapublishing.com
300 ## - PHYSICAL DESCRIPTION
Extent xi, 396p.
Dimensions 22cm(pbk)
942 ## - ADDED ENTRY ELEMENTS (KOHA)
Source of classification or shelving scheme Dewey Decimal Classification
Item type English Books
Classification part 954
Call number suffix DES
Holdings
Withdrawn status Lost status Not for loan Collection code Home library Current library Date acquired Source of acquisition Cost, normal purchase price Full call number Barcode Copy number Cost, replacement price Koha item type
      Non-fiction Ashok Vihar Ashok Vihar 09/12/2022 DBAD/PUB 750.00 954 DES EN-119331 1 750.00 English Books

© Delhi Public Library
Hit Counter
free hit counter